| 000 | 01024nam a2200313 a 4500 | ||
|---|---|---|---|
| 005 | 20191224041801.0 | ||
| 008 | 140319b2001 cl |||||r|||| 00| 0 spa d | ||
| 020 | _a9213217870 | ||
| 040 |
_aCO-BoIAVH _cCO-BoIAVH |
||
| 041 | 0 | _aspa | |
| 044 | _acl | ||
| 082 | 0 | 4 |
_a354.328 _bA18a |
| 100 | 1 | _aAcquatella, Jean | |
| 245 | 1 | 0 |
_aAplicación de instrumentos económicos en la gestión ambiental en América Latina y el Caribe _bdesafíos y factores condicionantes / _cJean Acquatella |
| 260 |
_aSantiago de Chile : _bPNUD : _bCEPAL, _c2001. |
||
| 300 |
_a83 páginas ; _c29 x 26 centímetros |
||
| 650 | 1 | 4 |
_aGestión ambiental _xinstrumentos económicos |
| 650 | 2 | 6 |
_aGestión ambiental _xAspectos económicos |
| 651 | 6 | _aBrasil | |
| 651 | 6 | _aBarbados | |
| 651 | 6 | _aJamaica | |
| 651 | 6 | _aChile | |
| 651 | 6 | _aColombia | |
| 651 | 6 | _aGuatemala | |
| 651 | 6 | _aMéxico | |
| 651 | 6 | _aVenezuela | |
| 942 |
_cLIBRO _2ddc |
||
| 945 | _d2006-09-21 | ||
| 999 |
_c5274 _d5274 |
||